Ciba Foundation Symposium: The Thymus, Experimental and Clinical Studies; [proceedings] in honour of Sir Macfarlane Burnet.

Uloženo v:
Podrobná bibliografie
Korporace: Ciba Foundation Symposium: The Thymus, Experimental and Clinical Studies, Melbourne, Vic., Ciba Foundation
Další autoři: Wolstenholme, G. E. W. (Gordon Ethelbert Ward) (ed.), Burnet, Macfarlane, Sir, 1899-1985, Porter, Ruth (ed.)
Médium: Konferenční příspěvek Kniha
Jazyk:English
Vydáno: London, Churchill, 1966.
Témata:
LEADER 01482nam a22003491a 4500
001 c000052120
003 CARM
005 19990913000000.0
008 851029s1966 enkac b 110 0 eng
010 |a 66027205 
015 |a B66-17714 
019 1 |a 45152059  |z 4038751  |5 LACONCORD2021 
020 |c 80/- 
035 |a (OCoLC)79663980  |5 LACONCORD2021 
040 |a LC  |b eng  |c LC 
050 0 0 |a QP187.A1  |b C5 1965 
111 2 |a Ciba Foundation Symposium: The Thymus, Experimental and Clinical Studies,  |d (1965 :  |c Melbourne, Vic.) 
245 0 0 |a Ciba Foundation Symposium: The Thymus, Experimental and Clinical Studies;  |b [proceedings] in honour of Sir Macfarlane Burnet.  |c Edited by G.E.W. Wolstenholme and Ruth Porter. 
246 3 |a Thymus, experimental and clinical studies 
260 |a London,  |b Churchill,  |c 1966. 
300 |a xiii, 538 p.  |b front. (port.) illus., tables, diagrs.  |c 21 cm. 
500 |a Cover title: Thymus, experimental and clinical studies. 
504 |a Includes bibliographies. 
650 0 |a Thymus  |x Congresses. 
700 1 |a Wolstenholme, G. E. W.  |q (Gordon Ethelbert Ward),  |e ed. 
700 1 |a Burnet, Macfarlane,  |c Sir,  |d 1899-1985. 
700 1 |a Porter, Ruth,  |e ed. 
710 2 |a Ciba Foundation. 
852 8 |b CARM  |h A2:AD28A0  |i B00065  |p 0003347  |f BK 
082 0 4 |a 591.2 
999 f f |i 6ab75553-ab10-5009-a448-63123aeecf9d  |s b90b5c94-087b-5de2-8b33-bfd851daa063 
952 f f |p Can circulate  |a CAVAL  |b CAVAL  |c CAVAL  |d CARM 1 Store  |e B00065  |f A2:AD28A0  |h Other scheme  |i book  |m 0003347